000 00515nam a2200181Ia 4500
008 240925s9999 xx 000 0 und d
020 _a9788131707098
082 _a621.319 FAU
100 _aFaulkenberry, Luces M.; Coffer, Walter
245 0 _aElectrical Power Distribution and Transmission
250 _aNA
260 _aNew Delhi:
_bPearson Printice Hall
_c,2007.
300 _a1050p.
_bN.A
_fOriginal
500 _aIncludes Index
600 _aElectrical Engineering
650 _aTechnology
942 _cBK
999 _c13474
_d13474